[Event "FRA-ch Blitz Online Qual"]
[Site "Europe Echecs INT"]
[Date "2020.05.16"]
[Round "9"]
[White "Dazi, Adam"]
[Black "Labrande, Theodore"]
[Result "0-1"]
[WhiteElo "1336"]
[BlackElo "2077"]
[PlyCount "76"]
[EventDate "2020.05.16"]
[EventType "swiss (blitz)"]
[EventRounds "15"]
[EventCountry "FRA"]
[SourceTitle "CBM 196 Extra"]
[Source "ChessBase"]
[SourceDate "2020.07.31"]
[SourceVersion "1"]
[SourceVersionDate "2020.07.31"]
[SourceQuality "1"]

1. e4 c5 2. Nf3 Nc6 3. d4 cxd4 4. Nxd4 Nf6 5. Nc3 e5 6. Nf3 Bb4 7. Bg5 h6 8. Bh4 Qa5 9. Qd3 Bxc3+ 10. Qxc3 Qxc3+ 11. bxc3 Nxe4 12. Bg3 Nxg3 13. fxg3 d5 14. Bb5 0-0 15. 0-0-0 e4 16. Bxc6 bxc6 17. Ne5 Bb7 18. c4 Rfe8 19. Nd7 Bc8 20. Nc5 Bg4 21. Rd4 Rad8 22. h3 Be2 23. cxd5 cxd5 24. Re1 Bb5 25. Red1 Bc4 26. a3 Rc8 27. Nb7 Re6 28. Na5 Bd3 29. Rd2 Rc5 30. Nb3 Rc3 31. Kd1 Bc4 32. Nc5 Re8 33. a4 e3 34. R2d3 e2+ 35. Ke1 Rxc2 36. Rxc4 dxc4 37. Rd2 Rc1+ 38. Kf2 Rf1# 0-1

[Event "FRA-ch Blitz Online Qual"]
[Site "Europe Echecs INT"]
[Date "2020.05.16"]
[Round "3"]
[White "Oney, Remel"]
[Black "Dazi, Adam"]
[Result "1-0"]
[WhiteElo "1781"]
[BlackElo "1336"]
[PlyCount "87"]
[EventDate "2020.05.16"]
[EventType "swiss (blitz)"]
[EventRounds "15"]
[EventCountry "FRA"]
[SourceTitle "CBM 196 Extra"]
[Source "ChessBase"]
[SourceDate "2020.07.31"]
[SourceVersion "1"]
[SourceVersionDate "2020.07.31"]
[SourceQuality "1"]

1. d4 d5 2. Bf4 Bf5 3. e3 e6 4. Bd3 Bxd3 5. cxd3 c5 6. Nf3 Nc6 7. 0-0 Nf6 8. dxc5 Bxc5 9. d4 Bd6 10. Ne5 Qc7 11. Nc3 Nxe5 12. dxe5 Bxe5 13. Qa4+ Nd7 14. Rac1 Bxf4 15. Nxd5 Qd8 16. Nxf4 0-0 17. Rfd1 Nb6 18. Rxd8 Nxa4 19. Rxf8+ Kxf8 20. b3 Nb6 21. Rc7 Rb8 22. Kf1 Nd5 23. Nxd5 exd5 24. Rd7 Ke8 25. Rxd5 Rc8 26. Ke2 Rc2+ 27. Rd2 Rc1 28. Kd3 Rg1 29. g3 g5 30. Ke4 Rg2 31. h3 Rh2 32. Kf5 h6 33. Kg4 Ke7 34. h4 f5+ 35. Kxf5 gxh4 36. gxh4 Rxh4 37. f4 Rh1 38. e4 h5 39. e5 h4 40. e6 Re1 41. Rd7+ Ke8 42. Rh7 Rh1 43. Kf6 h3 44. Rh8# 1-0